Online
Catalog

El nino en su unidad y diversidad / (Record no. 10905)

MARC details
000 -CABECERA
campo de control de longitud fija 00591cam a2200193 i 4500
001 - NÚMERO DE CONTROL
campo de control 000011182
005 - FECHA Y HORA DE LA ÚLTIMA TRANSACCIÓN
campo de control 20200929162400.0
008 - DATOS DE LONGITUD FIJA--INFORMACIÓN GENERAL
campo de control de longitud fija 800813s1973 ve a 000 0 spa
010 ## - NÚMERO DE CONTROL DE LA BIBLIOTECA DEL CONGRESO
Número de control de LC 79124812
040 ## - FUENTE DE LA CATALOGACIÓN
Centro catalogador/agencia de origen DO-SdBNP
Lengua de catalogación spa
Centro/agencia transcriptor BNPHU
082 ## - NÚMERO DE LA CLASIFICACIÓN DECIMAL DEWEY
Número de clasificación xxxx
Número de documento/Ítem A473
100 1# - ENTRADA PRINCIPAL--NOMBRE DE PERSONA
Nombre de persona Álvarez, Pedro J.
9 (RLIN) 26715
245 13 - MENCIÓN DE TÍTULO
Título El nino en su unidad y diversidad /
Mención de responsabilidad, etc. Pedro J. Álvarez.
260 ## - PUBLICACIÓN, DISTRIBUCIÓN, ETC.
Lugar de publicación, distribución, etc. Caracas :
Nombre del editor, distribuidor, etc. Monte Avila Editores,
Fecha de publicación, distribución, etc. 1973.
300 ## - DESCRIPCIÓN FÍSICA
Extensión v. : ;
Dimensiones 16 cm.
490 1# - MENCIÓN DE SERIE
Mención de serie Coleccion cientifica ;
Designación de volumen o secuencia 55
500 ## - NOTA GENERAL
Nota general La biblioteca posee el volumen 2
830 #0 - PUNTO DE ACCESO ADICIONAL DE SERIE-TÍTULO UNIFORME
Título uniforme Coleccion cientifica ;
Designación de volumen o secuencia 55
9 (RLIN) 26716
Holdings
Estado de retiro Estado de pérdida Restricciones de uso No para préstamo Código de colección Localización permanente Ubicación/localización actual Ubicación en estantería Fecha de adquisición Número de inventario Total de préstamos Signatura topográfica completa Código de barras Fecha visto por última vez Precio válido a partir de Tipo de ítem Koha
    Préstamo interno   Monografías: Libros y Folletos General General En catalogación 14.10.2009 LF1   xxxx A473 11182-10 25.06.2020 25.06.2020 Préstamo interno

Powered by Koha